00242 a2200097 450000500170000002000180001710000160003524500330005126000280008430000320011220260424085836.0 a9781788176491 aANDERSSON,M aPositivity is Our Superpower aLondonbHAY HOUSEc2022 ax,225p:ill;picturesc21.3cm